| 000 | 00000nas##2200000za#4500 |
| 001 | 9.503808 |
| 003 | CaOODSP |
| 005 | 20200325094016 |
| 007 | cr ||||||||||| |
| 008 | 150406c1999||||xxc|| p o||||f| |0fre|d |
| 040 | |aCaOODSP|bfre |
| 043 | |an-cn--- |
| 086 | 1 |aHP7-2F-PDF |
| 110 | 1 |aCanada.|bSociété canadienne de pédiatrie. |
| 245 | 10|aProgramme canadien de surveillance pédiatrique - résultats |h[ressource électronique] |
| 246 | 3 |aPCSP - résultats |
| 260 | |aOttawa - Ontario : |bSociété canadienne de pédiatrie |
| 310 | |aAnnuel |
| 362 | 1 |a1999-- |
| 500 | |aPublié jointement par Santé Canada jusqu'à l'édition de 2004, inclus. |
| 691 | 07|aSanté de l'enfant|2gcpds |
| 775 | 08|tCanadian Paediatric Surveillance Program - results |w(CaOODSP)9.507415 |